Statistics for The Ways To Type A To Z (A to Z, AA to ZZ, Z to A, ABA to ZYZ, AZ to ZA, AAA to ZZZ, AAB to YYZ

Click here to take the quiz!

General Stats

  • This quiz has been taken 294 times
    (271 since last reset)
  • The average score is 147 of 206

Answer Stats

Answer% Correct
A
98%
B
95%
E
94%
C
93%
D
93%
AA
91%
H
91%
I
91%
O
91%
Q
91%
W
91%
Y
91%
Z
91%
F
90%
G
90%
J
90%
K
90%
R
90%
L
89%
P
89%
S
89%
T
89%
U
89%
M
88%
N
88%
V
88%
X
88%
ZZ
87%
BB
85%
YY
85%
CC
84%
DD
84%
EE
84%
GG
84%
II
84%
QQ
84%
FF
83%
HH
83%
JJ
83%
KK
83%
LL
83%
MM
83%
NN
83%
OO
83%
PP
83%
RR
83%
SS
83%
TT
83%
UU
83%
VV
83%
WW
83%
XX
83%
AAA
82%
ZZZ
80%
BBB
76%
CCC
75%
DDD
75%
EEE
74%
GGG
73%
KKK
73%
FFF
72%
HHH
72%
III
72%
JJJ
72%
LLL
72%
OOO
72%
PPP
72%
QQQ
72%
RRR
72%
YYY
72%
AAB
71%
ABA
71%
MMM
71%
NNN
71%
SSS
71%
TTT
71%
VVV
71%
WWW
71%
XXX
71%
UUU
70%
AZ
69%
ZA
66%
ABB
65%
YYZ
64%
BBC
63%
CCD
63%
HHI
63%
MN
63%
BCB
62%
DDE
62%
EEF
62%
FFG
62%
GGH
62%
IIJ
62%
CDC
61%
JJK
61%
KKL
61%
LLM
61%
MMN
61%
NNO
61%
OOP
61%
PPQ
61%
QQR
61%
RRS
61%
TTU
61%
UUV
61%
DED
60%
SST
60%
VVW
59%
WWX
59%
XXY
59%
CDD
58%
EFE
58%
EFF
58%
FGF
58%
JKJ
58%
LML
58%
BCC
57%
BY
57%
CX
57%
DEE
57%
DW
57%
FGG
57%
GHG
57%
GHH
57%
HIH
57%
HII
57%
IJI
57%
KLK
57%
OPO
57%
QRQ
57%
RSS
57%
YZZ
57%
ZYZ
57%
EV
56%
FU
56%
GT
56%
HS
56%
IR
56%
JQ
56%
LO
56%
MNM
56%
NM
56%
NON
56%
PK
56%
PQP
56%
RSR
56%
STS
56%
TUT
56%
UVU
56%
VWV
56%
XC
56%
YZY
56%
IJJ
55%
JKK
55%
KLL
55%
KP
55%
LMM
55%
MNN
55%
OPP
55%
PQQ
55%
QRR
55%
STT
55%
UF
55%
UVV
55%
VE
55%
WD
55%
WXW
55%
XYX
55%
YB
55%
NOO
54%
QJ
54%
RI
54%
SH
54%
TG
54%
TUU
54%
VWW
54%
WXX
54%
XYY
54%
OL
53%

Score Distribution

Percentile by Number Answered

Percent of People with Each Score

Your Score History

You have not taken this quiz since the last reset